000 00817nam a22003130a 4500
001 PT37040
003 AR-LpoUNG
005 20210131230426.0
008 191001s1983||||ag |||||||||||||||||spa d
020 _a9503600774
_c$13
040 _aAR-LpoUNG
_bspa
_cAR-LpoUNG
_eaacr
041 _aspa
044 _aag
082 0 _a982.024 598pol
100 1 _aTiscornia, Ruth
245 1 3 _aLa política económica rioplatense de mediados del siglo XVII
250 _a1ª ed.
260 _aBuenos Aires :
_bEdiciones culturales Argentinas,
_c1983.
300 _a485 p. :
_bgráfs., tbls.
650 4 _aANALISIS HISTORICO
650 4 _aARGENTINA
650 4 _aECONOMIA
650 4 _aGOBIERNO
650 4 _aHISTORIA
650 4 _aPOLITICA ECONOMICA
651 4 _aArgentina
905 _a37040
942 _cLIB
999 _c3257
_d3257